| 000 | 00652nab a2200193 4500 | ||
|---|---|---|---|
| 001 | 244442 | ||
| 003 | OSt | ||
| 005 | 20260114092257.0 | ||
| 007 | tu | ||
| 008 | 260114s2020||||||| | ||
| 040 |
_aDE-2950 _cDE-2950 |
||
| 245 | 0 | 0 |
_aPostbank sorgt für Belebung _bBilanz. 2025 haben die Lenné Passagen in Frankfurt ihr 25-jähriges Bestehen gefeiert. Das Center -Management blickt auf das Geschäftsjahr zurück/ _cRené Matschkowiak |
| 264 | _c2025 | ||
| 653 | _aFrankfurt (Oder) | ||
| 653 | _aLenné Passagen | ||
| 653 | _aneue Mieter | ||
| 773 | 0 |
_g37. Jahrgang (2026) Nr. 1 vom 02.01.2026 , S. 14 mit Foto _tMärkische Oderzeitung |
|
| 942 |
_2z _cA |
||
| 999 |
_c374188 _d374188 |
||